Nate the Mastermind Quiz Stats

 Plays Quiz not verified by Sporcle

Support Sporcle.
Go Orange.
Score 0/10 Timer 02:00
0 Plays Today
Question Answer % Correct
His ex wife's nameMaggie
90.3%
Nate strategizes in terms of what game?Chess
81.1%
His father's nameJimmy
78.9%
Where did he grow up?Boston
76.2%
According to Parker who is the evil version of him?Sterling
76.2%
His son's nameSam
70.8%
He was originaly going to be aPriest
69.2%
Where did he work until his son died?IYS Insurance
55.7%
What building puts Nate on edge?A Hospital
43.2%
Name a TV show on his Netflix queue.The Rockford Files, Sex and The City and Psych
37.8%

You're not logged in!

Compare scores with friends on all Sporcle quizzes.
OR
Log In

From the Vault

Biggest Opening Weekends in December

by Sheldon

It's a good idea to let the Wookiee win at the box office, too.
Remove Ads.
Support Sporcle.
Get the best of Sporcle when you Go Orange. This ad-free experience offers more features, more stats, and more fun while also helping to support Sporcle. Thank you for becoming a member.

Show Comments

Extras

Created Feb 13, 2011ReportNominate
Tags:ford, Leverage, Mastermind, nate

Top Quizzes Today


Score Distribution

Your Account Isn't Verified!

In order to create a playlist on Sporcle, you need to verify the email address you used during registration. Go to your Sporcle Settings to finish the process.

Report this User

Report this user for behavior that violates our Community Guidelines.

Details: